| 000 | 00972nmb a2200265uu 4500 | ||
|---|---|---|---|
| 001 | 09058 | ||
| 003 | HDC | ||
| 007 | cr cn|---aauu| | ||
| 008 | 210201p2014 my ||||| |||| 00| 0 eng d | ||
| 040 | _aHDC | ||
| 100 |
_aMohammed Ali Al-Sheikh Wace, _eauthor _99497 |
||
| 245 | 0 |
_aESTABLISHING HALAL PHARMACEUTICALS INFORMATION SYSTEMS: CONCEPTS, SOURCES AND, POTENTIALS IN THE INDUSTRY / _cMOHAMMED ALI AL-SHEIKH WACE |
|
| 260 |
_aPulau Pinang : _bUniversiti Sains Malaysia _c2014 |
||
| 300 |
_a51 pages : _bcolour illustrations |
||
| 336 |
_atext _2rdacontent |
||
| 337 |
_acomputer _2rdamedia |
||
| 338 |
_aonline resource _2rdacarrier |
||
| 650 |
_aDrugs _93630 |
||
| 650 |
_aHalal food _950 |
||
| 650 |
_aMuslims _xDietary laws. _9815 |
||
| 856 | _zRequest full-text at [email protected] | ||
| 942 | _2ddc | ||
| 942 | _cTHE | ||
| 942 | _kTHES 000033 | ||
| 999 |
_c6381 _d6381 |
||